000 00426nam a2200145Ia 4500
008 230719s9999 xx 000 0 und d
041 _aeng
082 _a428.3'4
_bLAK
100 _aLakshminarayanan K.R.
_9203804
245 _aEnglish For Technical Communication
_bVolume 1 & 2 Combined Edition
260 _c2009
_bScitech Publications
300 _a159
365 _cRs.
_b105.00
700 _aLakshminarayanan K.R.
_9203804
999 _c354295
_d354295